| 000 | 00805nam a22002177a 4500 | ||
|---|---|---|---|
| 999 |
_c9931 _d9931 |
||
| 003 | AR-CdUCM | ||
| 008 | 190328b ||||| |||| 00| 0 spa d | ||
| 040 |
_aMUNICIPALIDAD PROVINCIAL DEL CUSCO _cBIBLIOTECA MUNICIPAL DEL CUSCO |
||
| 082 |
_a980 / 1927 / _bA31 |
||
| 100 |
_aAguilar, Rafael _917799 |
||
| 245 |
_aHistoria de América : _bCurso redactado conforme al programa oficial vigente, de instrucción media / |
||
| 260 |
_aCuzco : _bEdit. H. G. Rozas, _c1927. |
||
| 300 |
_a2 tomos ; _c20 cm. |
||
| 500 | _aA la memoria de Simón Bolivar y José Artigas | ||
| 505 | _aContenido: t.1. Libro primero -- t.2. Libro segundo. | ||
| 650 |
_aDescubrimiento de América _911873 |
||
| 650 |
_aConquista americana _926483 |
||
| 650 |
_aColonias españolas _99671 |
||
| 942 |
_2ddc _cLIBROS |
||
| 945 | _adavv | ||